000 01732nam a2200289 a 4500
008 120416s1982 ||||||||||||||||| || u
020 _a0420463305
020 _a0420463402
050 _aKD 173.R4 Meg
100 _aHayton, David J
245 1 0 _aMegarry's Manual of the law of real property.
_cby David J. Hayton.
250 _a6th ed.
260 _aLondon :
_bStevens
_c1982
300 _alvii, 615p.
350 _a0.00
650 _aLAW
650 _aReal property - England
650 _aREAL PROPERTY--LAW AND LEGISLATION--HANDBOOKS, MANUALS, ETC
700 _aMegarry, Robert Edgar, Sir, 1910-
995 _aANNEX COLLECTION (Main Library)
_D0.00
_e712218
_FCBU-MAIN LIBRARY (Kitwe)
_H7
_I334.66
_jKD 173.R4 Meg
_M2
_UAVAILABLE
_y009511
_ZAnnex Low-Usage Collection
995 _aBINDERY (DAMAGED)
_D0.00
_e718664
_FCBU-MAIN LIBRARY (Kitwe)
_H2
_I334.66
_jKD 173.R4 Meg
_M4
_UDAMAGED
_y009513
_ZMain Library Open Access Collection
995 _aANNEX COLLECTION (Main Library)
_D0.00
_e718662
_FCBU-MAIN LIBRARY (Kitwe)
_H1
_I334.66
_jKD 173.R4 Meg
_M7
_UAVAILABLE
_y009516
_ZAnnex Low-Usage Collection
995 _aBINDERY (DAMAGED)
_D0.00
_e709784
_FCBU-MAIN LIBRARY (Kitwe)
_H3
_I334.66
_jKD 173.R4 Meg
_M1
_UDAMAGED
_y008540
_ZMain Library Open Access Collection
995 _aBINDERY (DAMAGED)
_D0.00
_e718665
_FCBU-MAIN LIBRARY (Kitwe)
_H6
_I334.66
_jKD 173.R4 Meg
_M3
_UDAMAGED
_y009512
_ZMain Library Open Access Collection
995 _aMAIN LIBRARY OPEN ACCESS
_D0.00
_e718663
_FCBU-MAIN LIBRARY (Kitwe)
_H4
_I334.66
_jKD 173.R4 Meg
_M5
_UOUT
_y009514
_ZMain Library Open Access Collection
995 _aANNEX COLLECTION (Main Library)
_D0.00
_e709785
_FCBU-MAIN LIBRARY (Kitwe)
_H5
_I334.66
_jKD 173.R4 Meg
_M6
_UAVAILABLE
_y009515
_ZAnnex Low-Usage Collection
999 _c82862
_d82862